000 00605nam a2200253Ia 4500
003 OSt
005 20220912152754.0
006 a|||||r|||| 00| 0
007 ta
008 220909b |||||||| |||| 00| 0 eng d
024 _a34966
037 _cTextual
040 _aCSL
_beng
_cCSL
041 _aeng
082 _aY57:1.74, L7
100 _aLomnitz Larissa Adler
245 0 _aNetworks and marginality
260 _c1977
300 _ap.
_ccm.
650 _a Slums
650 _aSociology
942 _hY57:1.74, L7
_cTEXL
_2CC
999 _c91817
_d91817